00397 2200157 4500001002100000005001500021008004100036020001800077035001900095082001200114090001800126100002000144245001800164260003700182300002000219INLIS00000000000844020241224113641241224||||||||| | ||| |||| ||  a979-730-750-6 0010-12240084400 a297.246 a297.246 ASE n0 aA. Setiawan dkk00aNabi Isa A.S. aBandungbCV. Pustaka Setiac2008 a138 hlm.; 26 cm